000 01264cam a22003735a 4500
001 16904935
003 OSt
005 20140310181649.0
008 110805s1994 nyua j 000 1 eng d
010 _a 2011290722
020 _a0590472984
035 _a(OCoLC)ocm30385701
040 _aOCO
_cOCO
_dSLC
_dOCL
_dMUS
_dOCLCQ
_dBAKER
_dXY4
_dBTCTA
_dKZV
_dDLC
042 _alccopycat
050 0 0 _aPZ 7
_b.D121 1994
082 _aKF D12p
_b1994
100 1 _aDadey, Debbie.
_94137
245 1 0 _aPirates don't wear pink sunglasses /
_cby Debbie Dadey and Marcia Thornton Jones ; illustrated by John Steven Gurney.
260 _aNew York :
_bScholastic,
_cc1994.
300 _a78 p.
_bill. ;
_c20 cm.
490 1 _aLittle apple
541 _j1
562 _e1
650 0 _aBailey School kids (Fictitious characters)
_vJuvenile fiction.
_94138
650 0 _aPirates
_vJuvenile fiction.
_94139
650 1 _aHumorous stories.
_93831
700 1 _aJones, Marcia Thornton.
_94140
700 1 _aGurney, John,
_eill.
_94141
710 2 _aCopyright Paperback Collection (Library of Congress)
_5DLC
_9705
830 0 _aLittle apple.
_94142
906 _a0
_bibc
_ccopycat
_d2
_encip
_f20
_gy-genrareb
942 _2lcc
_cBK-KF
_kKF
999 _c951
_d951